| 000 -LEADER |
| fixed length control field |
01412cam a2200337 i 4500 |
| 001 - CONTROL NUMBER |
| control field |
(Sirsi) a1205034 |
| 003 - CONTROL NUMBER IDENTIFIER |
| control field |
OSt |
| 005 - DATE AND TIME OF LATEST TRANSACTION |
| control field |
20231004093410.0 |
| 008 - FIXED-LENGTH DATA ELEMENTS--GENERAL INFORMATION |
| fixed length control field |
210202t20162016dcua b 000 0 eng d |
| 020 ## - INTERNATIONAL STANDARD BOOK NUMBER |
| International Standard Book Number |
9781426324130 |
| Qualifying information |
(paperback) : |
| 040 ## - CATALOGING SOURCE |
| Original cataloging agency |
NJQ/ |
| Language of cataloging |
eng |
| Description conventions |
rda |
| Transcribing agency |
NJQ |
| Modifying agency |
DLC |
| -- |
TAE |
| 042 ## - AUTHENTICATION CODE |
| Authentication code |
nbic |
| 082 0# - DEWEY DECIMAL CLASSIFICATION NUMBER |
| Classification number |
599.6655 EVA |
| 100 1# - MAIN ENTRY--PERSONAL NAME |
| Personal name |
Evans, Shira, |
| Relator term |
author. |
| 245 10 - TITLE STATEMENT |
| Title |
Trot, pony! / |
| Statement of responsibility, etc. |
Shira Evans. |
| 264 #1 - PRODUCTION, PUBLICATION, DISTRIBUTION, MANUFACTURE, AND COPYRIGHT NOTICE |
| Place of production, publication, distribution, manufacture |
Washington, D.C. : |
| Name of producer, publisher, distributor, manufacturer |
National Geographic, |
| Date of production, publication, distribution, manufacture, or copyright notice |
[2016] |
| 264 #4 - PRODUCTION, PUBLICATION, DISTRIBUTION, MANUFACTURE, AND COPYRIGHT NOTICE |
| Date of production, publication, distribution, manufacture, or copyright notice |
©2016. |
| 300 ## - PHYSICAL DESCRIPTION |
| Extent |
23 pages : |
| Other physical details |
color illustrations ; |
| Dimensions |
23 cm. |
| 336 ## - CONTENT TYPE |
| Content type term |
text |
| Content type code |
txt |
| Source |
rdacontent. |
| 337 ## - MEDIA TYPE |
| Media type term |
unmediated |
| Media type code |
n |
| Source |
rdamedia. |
| 338 ## - CARRIER TYPE |
| Carrier type term |
volume |
| Carrier type code |
nc |
| Source |
rdacarrier. |
| 490 1# - SERIES STATEMENT |
| Series statement |
National geographic kids readers. Pre-reader. |
| 520 ## - SUMMARY, ETC. |
| Summary, etc. |
Trot, prance, and jump with ponies! Young readers will meet lots of different kinds of ponies and learn what they do. Through text features such as the vocabulary tree and the wrap-up activity, kids will be introduced to vocabulary in concept groups -- helping them make connections between words and expand their understanding of the world. |
| 521 1# - TARGET AUDIENCE NOTE |
| Target audience note |
Ages 2-5. |
| 650 #0 - SUBJECT ADDED ENTRY--TOPICAL TERM |
| Topical term or geographic name entry element |
Wild ponies |
| General subdivision |
Behavior |
| Form subdivision |
Juvenile literature. |
| 650 #0 - SUBJECT ADDED ENTRY--TOPICAL TERM |
| Topical term or geographic name entry element |
Wild ponies |
| Form subdivision |
Juvenile literature. |
| 650 #0 - SUBJECT ADDED ENTRY--TOPICAL TERM |
| Topical term or geographic name entry element |
Ponies |
| Form subdivision |
Juvenile literature. |
| 710 2# - ADDED ENTRY--CORPORATE NAME |
| Corporate name or jurisdiction name as entry element |
National Geographic Society (U.S.) |
| 830 #0 - SERIES ADDED ENTRY--UNIFORM TITLE |
| Uniform title |
National geographic kids readers. |
| Name of part/section of a work |
Pre-reader. |
| 942 ## - ADDED ENTRY ELEMENTS (KOHA) |
| Source of classification or shelving scheme |
|
| Koha item type |
Books - Non Ficton |